01847nam a2200397 a 4500001001200000003000800012006001900020007001500039008004100054010001700095020002600112020002600138020002500164020002500189020002700214040002100241035002100262050002500283082001900308245013400327260007400461300003600535504005100571505014800622533015200770650006700922650007000989650006301059650007101122655002901193700003801222700001901260700002701279710001701306856012601323ebr10494512CaPaEBRm u cr cn|||||||||110525s2011 enkad sbf 001 0 eng d z 2011018218 z9780470710869 (cloth) z9781119970606 (obook) z9781119952046 (ePub) z9781119952053 (Mobi) z9781119970613 (e-book) aCaPaEBRcCaPaEBR a(OCoLC)75915924914aQH324.2b.S79 2011eb04a570.1/519522300aHandbook of statistical systems biologyh[electronic resource] /cedited by Michael P.H. Stumpf, David J. Balding, Mark Girolami. aChichester, West Sussex ;aHoboken, N.J. :bJohn Wiley & Sons,c2011. axxi, 508 p. :bill. (some col.) aIncludes bibliographical references and index.0 aA. Methodological chapters -- B. Technology-based chapters -- C. Networks and graphical models -- D. Dynamical systems -- E. Application areas. aElectronic reproduction.bPalo Alto, Calif. :cebrary,d2011.nAvailable via World Wide Web.nAccess may be limited to ebrary affiliated libraries. 0aSystems biologyxStatistical methodsvHandbooks, manuals, etc. 0aBiological systemsxMathematical modelsvHandbooks, manuals, etc. 0aUncertaintyxMathematical modelsvHandbooks, manuals, etc. 0aStochastic analysisxMathematical modelsvHandbooks, manuals, etc. 7aElectronic books.2local1 aStumpf, M. P. H.q(Michael P. H.)1 aBalding, D. J.1 aGirolami, Mark,d1963-2 aebrary, Inc.40uhttp://site.ebrary.com/lib/rucke/Doc?id=10494512zAn electronic book accessible through the World Wide Web; click to view